Lollard themes in the Reformation theology of William Tyndale / (Record no. 1830)
[ view plain ]
| 000 -LEADER | |
|---|---|
| fixed length control field | 00959nac a22002531u 4500 |
| 010 ## - LIBRARY OF CONGRESS CONTROL NUMBER | |
| LC control number | 86021944 |
| 020 ## - INTERNATIONAL STANDARD BOOK NUMBER | |
| International Standard Book Number | 0940474069 (alk. paper) |
| 082 00 - DEWEY DECIMAL CLASSIFICATION NUMBER | |
| Classification number | 230.40924 |
| Item number | S637 |
| 090 ## - LOCALLY ASSIGNED LC-TYPE CALL NUMBER (OCLC); LOCAL CALL NUMBER (OCLC) | |
| -- | 1830 |
| -- | 1830 |
| 100 ## - MAIN ENTRY--PERSONAL NAME | |
| Personal name | Smeeton, Donald Dean, |
| 245 10 - TITLE STATEMENT | |
| Title | Lollard themes in the Reformation theology of William Tyndale / |
| Statement of responsibility, etc | by Donald Dean Smeeton. |
| 260 ## - PUBLICATION, DISTRIBUTION, ETC. (IMPRINT) | |
| Place of publication, distribution, etc | Kirksville, Mo. : |
| Name of publisher, distributor, etc | Sixteenth Century Journal Publishers, |
| Date of publication, distribution, etc | c1986. |
| 300 ## - PHYSICAL DESCRIPTION | |
| Extent | 285 p. : |
| Other physical details | ill. ; |
| Dimensions | 24 cm. |
| 490 1# - Series Statement | |
| Series statement | Volume VI of Sixteenth century essays & studies |
| 500 ## - GENERAL NOTE | |
| General note | Includes index. |
| 500 ## - GENERAL NOTE | |
| General note | Donations |
| 500 ## - GENERAL NOTE | |
| General note | Donations - Dr. Mostafa Gouda |
| 504 ## - BIBLIOGRAPHY, ETC. NOTE | |
| Bibliography, etc | Bibliography: p. 265-278. |
| 600 10 - SUBJECT ADDED ENTRY--PERSONAL NAME | |
| Personal name | Tyndale, William, |
| Dates associated with a name | d. 1536. |
| 650 #0 - SUBJECT ADDED ENTRY--TOPICAL TERM | |
| Topical term or geographic name as entry element | Lollards. |
| 830 #0 - SERIES ADDED ENTRY--UNIFORM TITLE | |
| Uniform title | Sixteenth century essays & studies ; |
| 942 ## - ADDED ENTRY ELEMENTS (KOHA) | |
| Item type | Book - Borrowing |
| Call number prefix | 230.40924S637 |
| Withdrawn status | Item status | Damaged status | Not for loan | Home library | Current library | Shelving location | Date acquired | Source of acquisition | Total Checkouts | Full call number | Barcode | Date last seen | Koha item type |
|---|---|---|---|---|---|---|---|---|---|---|---|---|---|
| Central Library | Central Library | Lower Floor | 18/12/2006 | Purchase | 230.40924 SME | 000002487 | 15/07/2025 | Book - Borrowing |